000 00450nam a2200157Ia 4500
008 180921t1998 xxu||||| |||| 00| 0 eng d
041 _aeng
080 _a581
_bSRI
245 _aDevelopments in evironmental and forest science 1998
260 _b
_c1998
300 _a45p., 22 cm
650 _aPlant
_aSilviculture
_aBiodiversity
_aEcology
_aHome -gardens in Kaluthara
942 _cBK
999 _c19476
_d19476
003 LK-CoDNM
040 _aLK-CoDNM
_dLK-CoDNM
_eLK-CoDNM